Štát a doprava vybrané problémy z ekonomiky dopravy
Salvato in:
| Autore principale: | |
|---|---|
| Natura: | Libro |
| Lingua: | slovacco |
| Pubblicazione: |
Žilina
artis omnis
1998
|
| Serie: | Eruditio
|
| Soggetti: | |
| Tags: |
Nessun Tag, puoi essere il primo ad aggiungerne!!
|
MARC
| LEADER | 00000nam a2200000 4500 | ||
|---|---|---|---|
| 001 | c108869 | ||
| 005 | 20221109094545.5 | ||
| 020 | |a 80-968119-0-8 | ||
| 041 | 0 | |a slo | |
| 044 | |a SK | ||
| 245 | 1 | 0 | |a Štát a doprava |b vybrané problémy z ekonomiky dopravy |c Danka Harmanová a kolektív |
| 264 | 1 | |a Žilina |b artis omnis |c 1998 | |
| 300 | |a 80, 18 s. | ||
| 490 | 1 | |a Eruditio | |
| 830 | 0 | |a Eruditio | |
| 610 | 2 | 0 | |a doprava |
| 610 | 2 | 0 | |a politika dopravná |
| 610 | 2 | 0 | |a Európska únia |
| 610 | 2 | 0 | |a Európske spoločenstvá |
| 610 | 2 | 0 | |a Slovensko |
| 610 | 2 | 0 | |a štát |
| 610 | 2 | 0 | |a legislatíva |
| 610 | 2 | 0 | |a doprava železničná |
| 100 | 1 | |a Harmanová, Danka | |